000
00267nam a22001217a 4500
008
181009b xxu||||| |||| 00| 0 eng d
041
_a
eng
080
_2
5th
_a
510
100
_a
38
101
_a
MAT
245
_a
Thinking Mathematically
_c
Blitzer,R
942
_2
udc
_c
BK
999
_c
49197
_d
49197